00620nam a2200217 u 450000100100000000500170001000800410002702000180006804100090008604300120009510000190010724500320012625000110015826000390016930000200020865000370022865000410026565000270030665000350033365000340036800006154720200120224052.0140704s2012 ck er| 000 0 spa d a97895884614340 aMspa ac-k----1 aMoyano, Daniel10aEl oscuro /cDaniel Moyano. a1a ed. aZaragoza :bTropo Editores,c2012. a189 p ;c23 cm.17aNovela argentinaySiglo XX2LEMB27aLiteratura argentinaySiglo XX2LEMB17aNovela argentina2LEMB27aSoledad en la literatura2LEMB27aMuerte en la literatura2LEMB